Bacterial leaching of waste materials at the "Tatra" joint stock company, Kopřivnice

Podrobná bibliografia
Hlavní autori: Fečko, Peter (Autor), Kučerová, Radmila (Autor)
Médium: Článok
Jazyk:slovenčina
angličtina
Fyzický popis:Obr. 7, tab. 3, res. angl., slov., lit. 5 zázn.
ISSN:0369-2086
Predmet:

MARC

LEADER 00000nab a2200000 a 4500
001 vtls000620749
003 SK-MaSNL
005 20260304084144.0
008 250425c1996 xo 0 slo
015 |a SNBRB19rr/mm-uuuuu 
035 |a CL0620888 
035 |a (urnnbn)urn:nbn:sk:snk:ar-005jeh 
035 |a (uuid)524882dd-e102-4cb1-b694-693e40b41002 
035 |a urn:nbn:sk:snk-ab7zxs 
040 |a SNKBUCL  |b slo  |c SNKBUCL  |e AACR2 
041 0 |a eng 
044 |a xo  |c SK 
080 |a 628.544:579.84:629.113:061.5(437.1/.2)  |2 1981 
080 |a 579.84  |2 1981 
080 |a 629.113:061.5(437.1/.2)  |2 1981 
100 1 |a Fečko, Peter  |4 aut  |9 610305 
245 1 0 |a Bacterial leaching of waste materials at the "Tatra" joint stock company, Kopřivnice  |c Peter Fečko, Radmila Kučerová 
300 |b Obr. 7, tab. 3, res. angl., slov., lit. 5 zázn. 
610 2 7 |a Tatra a. s. (Kopřivnice, Česko)  |2 SNKKA  |9 1376199 
650 0 7 |a priemyselný odpad  |2 snkbucl  |9 29393 
650 0 7 |a lúhovanie bakteriálne  |2 snkbucl  |9 977787 
650 0 7 |a Thiobacillus ferrooxidans  |2 snkbucl  |9 699708 
655 7 |a články z novín a časopisov  |2 snkbucl  |9 267496 
700 1 |a Kučerová, Radmila  |4 aut  |9 487733 
773 0 |t Mineralia slovaca  |g Roč. 28, č. 5 (1996), s. 388-390  |x 0369-2086 
850 |a Slovenská národná knižnica 
852 |a Slovenská národná knižnica 
958 |a article9 
958 |a NB 
958 |a CZ 
958 |a ME 
958 |a RK 
958 |a OND 
958 |a EUIPO 
992 |a RBX 
999 |c 2802183  |d 2804113